00575nam a2200181Ia 4500003000900000008004100009020001600050040001600066080001500082100002000097245011400117260003500231300001300266490003200279650004100311650002400352700001700376IN-BaIIA211028s9999 xx 000 0 eng d a412-11650-2 cIIA Library a539.2bDRI aDrickamer, H. G 0aElectronic transitions and the high pressure chemistry and physics of solidscH. G. Drickamer and C. W. Frank aLondonbChapman and Hallc1973 ax, 220p. aStudies in chemical physics aAstronomy and astrophysics thesaurus aSolid state physics aFrank, C. W.